Normal view
MARC view
- CONQUERING C ++ POINTERS
Entry Topical Term
001 - CONTROL NUMBER
- control field: 66837
003 - CONTROL NUMBER IDENTIFIER
- control field: NUST
005 - DATE AND TIME OF LATEST TRANSACTION
- control field: 20210628203702.0
008 - FIXED-LENGTH DATA ELEMENTS
- fixed length control field: 210628|| aca||aabn | a|a d
040 ## - CATALOGING SOURCE
- Original cataloging agency: NUST
- Transcribing agency: NUST
150 ## - HEADING--TOPICAL TERM
- Topical term or geographic name entry element: CONQUERING C ++ POINTERS
670 ## - SOURCE DATA FOUND
- Source citation: Work cat.: (NUST): Traister, Robert.J 62946, Conquering c ++ pointers, 1994
